<?xml version="1.0" encoding="UTF-8"?>
<record
    xmlns:xsi="http://www.w3.org/2001/XMLSchema-instance"
    xsi:schemaLocation="http://www.loc.gov/MARC21/slim http://www.loc.gov/standards/marcxml/schema/MARC21slim.xsd"
    xmlns="http://www.loc.gov/MARC21/slim">

  <leader>02569agaaa2200313   4500</leader>
  <controlfield tag="001">4180</controlfield>
  <controlfield tag="003">IT-RoPAU</controlfield>
  <controlfield tag="005">20220918181244.0</controlfield>
  <controlfield tag="007">d cvaizq</controlfield>
  <controlfield tag="008">50131s9999||||xx ||| |     ||   ||und||</controlfield>
  <datafield tag="040" ind1=" " ind2=" ">
    <subfield code="a">IT-RoPAU</subfield>
    <subfield code="c">IT-RoPAU</subfield>
  </datafield>
  <datafield tag="041" ind1=" " ind2=" ">
    <subfield code="a">ITALIANO</subfield>
  </datafield>
  <datafield tag="100" ind1=" " ind2=" ">
    <subfield code="a">Antonioni Michelangelo</subfield>
    <subfield code="g">Codice regista SPICS: 9853</subfield>
    <subfield code="9">46428</subfield>
  </datafield>
  <datafield tag="130" ind1=" " ind2=" ">
    <subfield code="a">PROFESSIONE: REPORTER</subfield>
    <subfield code="9">46429</subfield>
  </datafield>
  <datafield tag="245" ind1=" " ind2=" ">
    <subfield code="a">PROFESSIONE: REPORTER</subfield>
    <subfield code="c">Sceneggiatura: Antonioni Michelangelo Peploe Mark -- Diretto da: Antonioni Michelangelo</subfield>
    <subfield code="p">PROFESSIONE: REPORTER (Rif. Codice opera principale : E4180)</subfield>
  </datafield>
  <datafield tag="250" ind1=" " ind2=" ">
    <subfield code="a">Edizione Standard</subfield>
  </datafield>
  <datafield tag="260" ind1=" " ind2=" ">
    <subfield code="a">ROMA - PARIGI (ITALIA)</subfield>
    <subfield code="b">CHAMPION - LES FILMS CONCORDIA / </subfield>
    <subfield code="g">"1974 (1&#xB0; ed.: 1996 ; Ed. Lingua Orig.: 1974)"</subfield>
  </datafield>
  <datafield tag="300" ind1=" " ind2=" ">
    <subfield code="a">VHS</subfield>
    <subfield code="b">sonoro, col.</subfield>
    <subfield code="c">125 minuti</subfield>
  </datafield>
  <datafield tag="508" ind1=" " ind2=" ">
    <subfield code="a">"Fotografia: Tovoli Luciano; Montaggio: Antonioni M Arcalli ; Musica: Peticca Sandro; Sceneggiatura: Antonioni Michelangelo Peploe Mark; "</subfield>
  </datafield>
  <datafield tag="511" ind1=" " ind2=" ">
    <subfield code="a">"Hendry Ian; Nicholson Jack; Runacre Jenny; Schneider Maria"</subfield>
  </datafield>
  <datafield tag="520" ind1=" " ind2=" ">
    <subfield code="a">DAVID LOCKE E' UN REPORTER 37ENNE, NATO IN INGHILTERRA E CRESCIUTO IN AMERICA, APPREZZATO NEI SUOI SERVIZI TELEVISIVI PERCHE DOTATO DI UNO STRAORDINARIO SPIRITO DI OSSERVAZIONE COME DICHIARA IL SUO PRODUTTORE MARTIN KNIGHT.MENTRE SI TROVA IN UNO SPERDUTO E SINISTRO ALBERGHETTO SAHARIANO SCOPRE CASUALMENTE IL CADAVERE DI UN CERTO ROBERTSON AL QUALE, APPROFITTANDO DI CERTE SOMIGLIANZE SOMATICHE, SI SOSTITUISCE. ENTRATO IN QUESTO GIUOCO PER FUGGIRE DAL PASSATO E DAL PRESENTE CHE L'HANNO NAUSEATO, SEGUENDO LE INDICAZIONIDI UN LIBRETTO D'APPUNTI DELLO SCOMPARSO - CHE SCOPRE ESSERE UN MERCANTE D'ARMI SCHIERATO DALLA PARTE DEL FRONTE UNITARIO DI LIBERAZIONE DI UN NUOVO PAESE AFRICANO - VAGA DA MONACO A GINEVRA A BARCELLONA. SUA MOGLIE, DECISA A RINTRACCIARE ROBERTSON PER SAPERNE DI PIU SULLA SCOMPARSA DEL MARITO, INVOLONTARIAMENTE MUOVE ATTORNO AL MARITO IL MECCANISMO DELLA POLIZIA E DELLADIPLOMAZIA COLLEGATE. LOCKE VORREBBE DESISTERE, MA VIENE STIMOLATO E AIUTATO DA UNA SCONOSCIUTA STUDENTESSA CHE LO ACCOMPAGNA DA BARCELLONA ALL'ALMERIQUI, PRIMA CHE DALLA MOGLIE E DALLA POLIZIA, VIENE RAGGIUNTO DAI KILLERS DEL DESPOTA AFRICANO DECISO AD ELIMINARLO.</subfield>
  </datafield>
  <datafield tag="538" ind1=" " ind2=" ">
    <subfield code="a">PAL, STEREO</subfield>
  </datafield>
  <datafield tag="546" ind1=" " ind2=" ">
    <subfield code="a">ITALIANO</subfield>
  </datafield>
  <datafield tag="650" ind1=" " ind2=" ">
    <subfield code="a">DRAMMATICO</subfield>
    <subfield code="e">FILMS [VHS]</subfield>
    <subfield code="x">Codice MATERIA SPICS: 9960</subfield>
    <subfield code="9">34083</subfield>
  </datafield>
  <datafield tag="700" ind1=" " ind2=" ">
    <subfield code="a">Antonioni Michelangelo </subfield>
    <subfield code="e">(regista)</subfield>
    <subfield code="g">Codice regista SPICS: 9853</subfield>
    <subfield code="9">46430</subfield>
  </datafield>
  <datafield tag="700" ind1=" " ind2=" ">
    <subfield code="a">Peploe Mark </subfield>
    <subfield code="e">(soggetto)</subfield>
    <subfield code="g">Codice Soggetto SPICS: 48283</subfield>
    <subfield code="9">46431</subfield>
  </datafield>
  <datafield tag="700" ind1=" " ind2=" ">
    <subfield code="a">Peticca Sandro</subfield>
    <subfield code="e">(musica)</subfield>
    <subfield code="g">Codice Musica SPICS: 48282</subfield>
    <subfield code="9">46432</subfield>
  </datafield>
  <datafield tag="942" ind1=" " ind2=" ">
    <subfield code="c">VH</subfield>
    <subfield code="2">ddc</subfield>
  </datafield>
  <datafield tag="999" ind1=" " ind2=" ">
    <subfield code="c">106352</subfield>
    <subfield code="d">106352</subfield>
  </datafield>
  <datafield tag="952" ind1=" " ind2=" ">
    <subfield code="0">0</subfield>
    <subfield code="1">0</subfield>
    <subfield code="4">0</subfield>
    <subfield code="6">E_4180_000000000000000</subfield>
    <subfield code="7">1</subfield>
    <subfield code="a">SPICS</subfield>
    <subfield code="b">SPICS</subfield>
    <subfield code="d">2015-01-31</subfield>
    <subfield code="l">0</subfield>
    <subfield code="o">E4180</subfield>
    <subfield code="r">2015-01-31 00:00:00</subfield>
    <subfield code="w">2015-01-31</subfield>
    <subfield code="y">VH</subfield>
    <subfield code="z">Progr. Ins.: 747 / N.Vol.:1 / Copie: 1 / Pag.: / Copia rara: n.d. / date import: 1.2.2015 / By Epidotti, Trombetti, Vaglietti</subfield>
  </datafield>
</record>
